El silencio que habla : (Record no. 183000)

MARC details
000 -CABECERA
campo de control de longitud fija 00704nam a2200205 a 4500
005 - FECHA Y HORA DE LA ÚLTIMA TRANSACCIÓN
campo de control 20210223132937.0
008 - ELEMENTOS DE LONGITUD FIJA--INFORMACIÓN GENERAL
campo de control de longitud fija 160531s2015 mx r 000 0 spa d
020 ## - NÚMERO INTERNACIONAL NORMALIZADO PARA LIBROS
Número Internacional Estándar del Libro 9786074954722
035 ## - NÚMERO DE CONTROL DEL SISTEMA
Número de control de sistema UPN01000210899
049 ## - COLECCIÓN
Colección I
050 #4 - SIGNATURA TOPOGRÁFICA DE LA BIBLIOTECA DEL CONGRESO
Número de clasificación RC489 T7
Número de documento/Ítem C6.7
100 1# - ASIENTO PRINCIPAL--NOMBRE PERSONAL
Nombre de persona Constantine Llergo, Gina
9 (RLIN) 39584
245 13 - MENCIÓN DE TÍTULO
Título El silencio que habla :
Resto del título para entender a las personas con autismo /
Mención de responsabilidad, etc. Gina Constantine Llergo ; il. Humberto Vega.
260 ## - PUBLICACIÓN, DISTRIBUCIÓN, ETC.
Lugar de publicación, distribución, etc. Toluca :
Nombre del editor, distribuidor, etc. Gobierno del Estado de México :
-- FOEM,
Fecha de publicación, distribución, etc. 2015.
300 ## - DESCRIPCIÓN FÍSICA
Extensión 53 p. :
Otras características físicas il. col.
440 #0 - MENCIÓN DE SERIE/ASIENTO SECUNDARIO--TÍTULO
Título Identidad.
Nombre de parte o sección de la obra Cuadernos de pedagogía y didáctica
650 #4 - ASIENTO SECUNDARIO DE MATERIA - TERMINO TEMATICO
Término de materia o nombre geográfico como elemento de entrada AUTISMO -
Subdivisión de forma LITERATURA INFANTIL
9 (RLIN) 25288
905 ## - TIPO DE MATERIAL
Tipo de material Infantil
Holdings
Estado de retiro Estado de pérdida Fuente del sistema de clasificación o colocación Estado dañado No para préstamo Código de colección Localización permanente Ubicación/localización actual Ubicación en estantería Fecha de adquisición Total de préstamos Clasificación Código de barras Fecha visto por última vez Fecha del último préstamo Número de copia Tipo de ítem Koha
    Library of Congress Classification     Infantil Bib. Gregorio Torres Quintero Bib. Gregorio Torres Quintero Sala infantil Planta baja 10/05/2023 6 RC489 T7 C6.7 311376 05/06/2025 03/06/2025 1 Libro